000 00293nam a22001337a 4500
008 170615b xxu||||| |||| 00| 0 eng d
020 _aa2080422601d
041 _aeng
080 _a328
100 _a19
101 _aSHP
245 _aTHE BURDEN OF GOVERNMENT
_cMILLS,E.S
942 _2udc
_cBK
999 _c17509
_d17509